BSOP header

The pathway of life : (Record no. 25954)

MARC details
000 -LEADER
fixed length control field 00744nam a2200217 4500
008 - FIXED-LENGTH DATA ELEMENTS--GENERAL INFORMATION
fixed length control field 060223s2005 ch eng
020 ## - INTERNATIONAL STANDARD BOOK NUMBER
International Standard Book Number 9573051591 :
Terms of availability gift
090 ## - LOCALLY ASSIGNED LC-TYPE CALL NUMBER (OCLC); LOCAL CALL NUMBER (OCLC)
Classification number (OCLC) (R) ; Classification number, CALL (RLIN) (NR) BV4501.2
Local cutter number (OCLC) ; Book number/undivided call number, CALL (RLIN) J41p
100 1# - MAIN ENTRY--PERSONAL NAME
Personal name Jeng, Zion
245 10 - TITLE STATEMENT
Title The pathway of life :
Remainder of title original Chinese text /
Statement of responsibility, etc Zion Jeng; trans. by Mary Ang Tan.
250 ## - EDITION STATEMENT
Edition statement Chinese-English bilingual ed.
260 ## - PUBLICATION, DISTRIBUTION, ETC. (IMPRINT)
Place of publication, distribution, etc Taipei :
Name of publisher, distributor, etc Church of God Bookroom,
Date of publication, distribution, etc 2005.
300 ## - PHYSICAL DESCRIPTION
Extent 355 p.
500 ## - GENERAL NOTE
General note Holy Bible Version : English-New International Version
600 14 - SUBJECT ADDED ENTRY--PERSONAL NAME
Personal name Jeng, Zion.
650 #4 - SUBJECT ADDED ENTRY--TOPICAL TERM
Topical term or geographic name as entry element Christian life.
651 #4 - SUBJECT ADDED ENTRY--GEOGRAPHIC NAME
Geographic name Spiritual life
General subdivision Christianity.
951 ## - EQUIVALENCE OR CROSS-REFERENCE-GEOGRAPHIC NAME/AREA NAME [OBSOLETE] [CAN/MARC only]
General subdivision 00032560
700 1# - ADDED ENTRY--PERSONAL NAME
Personal name Jeng, Tian Fwu
700 1# - ADDED ENTRY--PERSONAL NAME
Personal name Tan, Mary Ang
951 ## - EQUIVALENCE OR CROSS-REFERENCE-GEOGRAPHIC NAME/AREA NAME [OBSOLETE] [CAN/MARC only]
-- 29164
-- BV4501.2/J41p
-- 070613111542687
-- 2000-12-21
-- GC
Holdings
Withdrawn status Lost status Damaged status Not for loan Home library Current library Shelving location Date acquired Accession number Shelving control number Total Checkouts Full call number Barcode Date last seen Price effective from Koha item type
        BSOP Library BSOP Library GC 12/21/2000 29164 127   BV4501.2/J41p 00032560 02/23/2013 02/23/2013 Books
BSOP

Biblical Seminary of the Philippines
  All rights Reserved
  © 2024

CONTACT INFORMATION

Biblical Seminary of the Philippines,
  77-B Karuhatan Road, Valenzuela City,
  PHILIPPINES 1441
  Phone: +632 8292-6795 / 8292-6798
  Fax : +632 8292-6675
  Email: library@bsop.edu.ph